000 00655nam a22001817a 4500
003 UA-OsUOA
001 19190
007 ta
008 20040725b un ||||| |||| 00| 0 ukr d
100 _aНикон (Гайдай) ієромонах
942 _cSA
040 _aUA-OsUOA
_cUA-OsUOA
_dUA-OsUOA
245 _aХрестовоздвиженський чоловічий монастир в Дубно
_cієромонах Никон (Гайдай); Никон(Гайдай), ієромонах
300 _aС.5
955 _a0
773 0 _w0
_tДуховна нива
_dРівне
_d2004
_g№7/лип./
650 7 _aКраєзнавча робота
_2UDC
999 _c305361
_d305361